Statistics for Animals that Start with W

Click here to take the quiz!

General Stats

  • This quiz has been taken 39,762 times
    (26,735 since last reset)
  • The average score is 11 of 20

Answer Stats

ClueAnimal% Correct
Humpback, beluga, etc...Whale
100%
Tusked relative of the sealWalrus
92%
Bird that drums on trees to find foodWoodpecker
89%
Canis lupusWolf
82%
Type of wild pig. Pumbaa is oneWarthog
76%
X-men character inspiration. A fierce
animal that looks like a small bear
Wolverine
76%
Smaller version of kangarooWallaby
75%
Yellowjacket, for exampleWasp
73%
Cute burrowing Australian marsupial
that can weigh up to 35 kg
Wombat
58%
Relative of the stoat, ermine, and minkWeasel
49%
The biggest species of fishWhale Shark
48%
Breed of racing dogWhippet
43%
GnuWildebeest
40%
Beetle that attacks crops such as cottonWeevil
38%
Domestic bovid commonly found in AsiaWater Buffalo
27%
Another name for a groundhogWoodchuck
25%
Freshwater game fish of North AmericaWalleye
22%
Has the longest wingspan of any bird{Wandering}
Albatross
20%
Sea snailWhelk
14%
Colorful warm-water fish. Some will clean
the parasites off other fish
Wrasse
9%

Score Distribution

Percentile by Number Answered

Percent of People with Each Score

Your Score History

You have not taken this quiz since the last reset